Introduction to plant ecology /

Guardado en:
Autor Principal: Ashby, Maurice.
Formato: Libro
Idioma:English
Publicado: London : Macmillan, 1969.
Edición:2. ed.
Etiquetas: Agregar Etiqueta
Sin Etiquetas, Sea el primero en etiquetar este registro!
LEADER 00457nam a22001575a 4500
001 EUN.um027650
003 AR-BaUNS
005 20050623122904.0
008 041125s1969####xxka##########000#0#eng#d
245 1 0 |a Introduction to plant ecology /  |c Maurice Ashby. 
260 |a London :  |b Macmillan,  |c 1969. 
300 |a 287 p. :  |b ilus. ;  |c 21 cm. 
100 1 |a Ashby, Maurice. 
082 0 4 |a 581.5 
250 |a 2. ed. 
859 |a Ar-BaUNS  |b BIB. CENTRAL - Sector C  |h 581.5  |i As34a2  |p 59852/971